000 00704nam a2200265Ia 4500
003 OSt
005 20220928131821.0
006 a|||||r|||| 00| 0
007 ta
008 220927b |||||||| |||| 00| 0 eng d
024 _a70360
037 _cTextual
040 _aSDCL
_cSDCL
_beng
041 _2eng
_aeng
082 _aX72:(Z2), P6
100 _aSinghania Vinod K
245 0 _aDirect taxes
_b Law and practice
250 _a36
260 _aNew Delhi
_bTaxmann Publication
_c2006
300 _axxviii,1475p
_ccm.
650 _aTaxation
700 _a Singhania Kapil
942 _hX72:(Z2), P6
_cTEXL
_2CC
999 _c792753
_d792753